|
|
|
|
| LEADER |
00000nam a2200000 4500 |
| 008 |
150805b2013 cr ||||| |||| 00| | spa d |
| 090 |
|
|
|a 06.04.08
|b 2159
|
| 100 |
1 |
|
|9 708
|a Cubero Venegas, Carmen María
|
| 245 |
1 |
0 |
|a Informe cursos virtuales de manejo de la disciplina en el aula y el centro educativo 2012 /
|c Carmen Cubero Venegas, colaboradores Osvaldo Murillo Aguilar, Patricia Torres Sánchez
|
| 260 |
|
|
|a San José, Costa Rica :
|b INIE,
|c 2013
|
| 300 |
|
|
|a 24 páginas
|
| 500 |
|
|
|a Cursos virtuales sobre manejo de la disciplina llevados a cabo en el 2012 entre los meses de julio y diciembre.
|
| 500 |
|
|
|a Informe Proyecto de Acción Social ED-2955
|
| 650 |
1 |
4 |
|9 709
|a DISCIPLINA ESCOLAR
|
| 650 |
1 |
4 |
|9 483
|a TECNOLOGÍA EDUCATIVA
|
| 650 |
1 |
4 |
|9 1
|a EDUCACIÓN
|
| 650 |
1 |
4 |
|9 331
|a DOCENTES
|
| 700 |
1 |
|
|9 155
|a Murillo Aguilar, Osvaldo
|
| 700 |
1 |
|
|9 710
|a Torres Sánchez, Patricia
|
| 942 |
|
|
|i 003779
|h 06.04.08 2159
|2 z
|c 04
|
| 999 |
|
|
|c 2762
|d 2762
|